00405cam a2200169ua 45000010005000000080039000050200018000440400009000620410008000710820008000791000026000872450054001132500009001672600029001763000010002056530020002158661150210n ii |||gr||||Z||||||eng a9780099572923 cMAIN aeng a823 aCarroll, L.,eAuthor.1 aAlices adventures in wonderlandcBy Lewis Carroll a1st. aLondon:bVintage,c2012. a346p. aEnglish fiction